000 00326nam a2200145Ia 4500
100 _aChandrakant Boit
650 _aGeneral
942 _cBK
366 _f15
654 _aMaharashtra Udyog Vyabhari Mitr
245 _aUdyog Dalan
260 _bMaharashtra Udyog Vyabhari Mitr
_aThane
300 _a100
546 _aMARATHI
999 _c20007
_d20007